| 000 | 01612nam a22002655a 4500 | ||
|---|---|---|---|
| 003 | OSt | ||
| 005 | 20170225141516.0 | ||
| 008 | 170225s2005 ua frb 000 0 ara d | ||
| 015 | _a2005 / 15415 | ||
| 020 | _a9770497584 | ||
| 040 |
_aEG-ScBUE _bara _cEG-ScBUE |
||
| 043 | _af-ua--- | ||
| 082 | 0 | 4 |
_a346.6202 _bش هـ ا _222 |
| 100 | 1 | _aشهاوي، قدري عبد الفتاح. | |
| 245 | 1 | 0 |
_aضوابط شهر الإعسار المدني والدفع بعدم التنفيذ أو نظرية الحق في الحبس : _bكوسيلة من وسائل الضمان اادائنين في التشريع المصري والمقارن : نصوصا - فقها - قضاء - تحليلا - قيودا - أوصافا / _cقدري عبد الفتاح الشهاوي. |
| 260 |
_aالقاهرة : _bدار النهضة العربية، _c2005. |
||
| 300 |
_a203 ص. ؛ _c24 سم. |
||
| 504 | _aيشتمل على إرجاعات ببليوجرافية. | ||
| 505 | 0 | _aماهية الدفع بعدم التنفيذ - شروط نشأة الحق في الحبس - تطبيقات على الحق في الحبس - الآثار المترتبة على الحبس - زوال الحق في الحبس - ماهية الإعسار - شهر حالة الإعسار - إجراءات دعوى الإعسار - آثار حالة الإعسار - إنقضاء أو زوال حالة الإعسار. | |
| 650 | 7 |
_aالالتزامات _xقوانين وتشريعات _zمصر. _2BUEsh |
|
| 650 | 7 |
_aالالتزامات (فقه إسلامي) _2BUEsh _940937 |
|
| 651 | _2BUEsh | ||
| 653 |
_bLLAAWW _cFebruary2017 |
||
| 942 | _2ddc | ||
| 999 |
_c24251 _d24223 |
||